Portraits of his children /

Bibliographic Details
Main Author: Martin, George R. R.
Other Authors: Zelazny, Roger
Format: Book
Language:English
Published: Arlington Heights., IL : Dark Harvest, 1987.
Edition:1st ed.
Subjects:

MARC

Tag First Indicator Second Indicator Subfields
LEADER 00000cam a2200000 a 4500
001 in00000008517
005 20151003070012.0
008 870923s1987 ilua 00011 eng d
020 |a 0913165190 (trade ed.) :  |c $18.95 
020 |a 0913165182 (limited ed.) :  |c $39.95 
035 |a (OCoLC)16736307 
035 |9 AAA0910AM 
040 |a IMD  |c IMD  |d IXA  |d TXA  |d UtOrBLW 
049 |a TXAM [Also in] [Sp Coll]  |c 1  |a TXAS [scif]  |c 2 
050 4 |a PS3563.A7239  |b P67 1987 
100 1 |a Martin, George R. R. 
245 1 0 |a Portraits of his children /  |c by George R.R. Martin ; introduction by Roger Zelazny ; illustrated by Ron and Val Lakey Lindahn. 
250 |a 1st ed. 
264 1 |a Arlington Heights., IL :  |b Dark Harvest,  |c 1987. 
300 |a 263 pages : illustrations ;  |c 24 cm. 
336 |a text  |b txt  |2 rdacontent 
337 |a unmediated  |b n  |2 rdamedia 
338 |a volume  |b nc  |2 rdacarrier 
505 0 |a With morning comes mistfall -- The second kind of loneliness -- The last Super Bowl -- The lonely songs of Laren Dorr -- The ice dragon -- In the lost lands -- Unsound variations -- Closing time -- Under siege -- The glass flower -- Portraits of his children. 
650 0 |a Science fiction. 
650 0 |a Short stories, American. 
700 1 |a Zelazny, Roger. 
999 |a MARS 
999 f f |s 15decce5-a0ba-36c8-9001-6f4416dded1f  |i f4556952-8967-320d-9f35-830f3bc5f2b2  |t 0 
952 f f |p normal  |a Texas A&M University  |b College Station  |c Sterling C. Evans Library  |s Evans stk  |d Evans: Library Stacks  |t 0  |e PS3563.A7239 P67 1987  |h Library of Congress classification  |i unmediated -- volume  |m A14812613450 
998 f f |a PS3563.A7239 P67 1987  |t 0  |l Evans: Library Stacks